| 000 | 00826cam a2200277 i 4500 | ||
|---|---|---|---|
| 001 | 4290 | ||
| 003 | FISKH | ||
| 005 | 20240712143128.0 | ||
| 008 | 760106s1975 nyu j 000 1 eng | ||
| 010 | _a 74022850 | ||
| 020 | _a0878880798 : | ||
| 020 | _a9781447281047 | ||
| 040 |
_aDLC _cDLC _dDLC |
||
| 050 | _aPZ7.B6265 | ||
| 082 | _a813.54 | ||
| 100 | 1 | _aBlume, Judy. | |
| 245 | 1 | 0 |
_aForever... : _ba novel / _cby Judy Blume. |
| 250 | _aThis edition published in 2015 | ||
| 260 |
_aLondon : _bMacmillan, _c1975 |
||
| 300 |
_a202 pages : _c20 cm |
||
| 520 | _aTwo high school seniors believe their love to be so strong that it will last forever. | ||
| 650 |
_aComing of Age _vRelationships _xFirst Love _ySex |
||
| 906 |
_a7 _bcbc _corignew _d2 _eocip _f19 _gy-gencatlg |
||
| 942 |
_2ddc _cBK _n0 |
||
| 999 |
_c4290 _d4290 |
||